Statistiken für Länder, die mit V beginnen

Klicken Sie hier um das Quiz zu spielen!

Allgemein

  • Dieses Quiz wurde 22.234 mal gespielt
  • Das Durchschnittsergebnis liegt bei 5 aus 7

Antwortstatistiken

Land% Korrekt
Venezuela
89%
Vatikanstadt
83%
Vietnam
77%
Vanuatu
75%
Vereinigtes Königreich
57%
Vereinigte Staaten
57%
Vereinigte Arabische
Emirate
57%

Verteilung der Resultate

Perzentil nach korrekt beantworteten Fragen

Anzahl Personen mit jedem Resultat

Ihre Resultats-Entwicklung

Sie haben dieses Quiz noch nicht gespielt